| 000 | 00457nam a22001577a 4500 | ||
|---|---|---|---|
| 003 | NUST | ||
| 038 | _asaima | ||
| 082 | _a004 | ||
| 100 |
_aJavaid, Sehar _935240 |
||
| 245 | _aDimensionality Reduction of Colored Images / | ||
| 260 |
_aIslamabad : _bMCS - NUST, _c2013 |
||
| 300 |
_a61 p. ; _c30cm. |
||
| 650 |
_aComputer Software Engineering-Dimensionality Reduction of Colored Images _935241 |
||
| 700 |
_aDr. Naveed Iqbal Rao _935093 |
||
| 942 |
_2ddc _cTHE |
||
| 999 |
_c540936 _d540936 |
||